Mad technology : (Record no. 190488)
[ view plain ]
| 000 -LEADER | |
|---|---|
| fixed length control field | 01207nam a2200325 a 4500 |
| 001 - CONTROL NUMBER | |
| control field | vtls000183900 |
| 003 - CONTROL NUMBER IDENTIFIER | |
| control field | NLI |
| 005 - DATE AND TIME OF LATEST TRANSACTION | |
| control field | 20210602111215.0 |
| 008 - FIXED-LENGTH DATA ELEMENTS--GENERAL INFORMATION | |
| fixed length control field | 101125s2005 enka 001 0 eng |
| 020 ## - INTERNATIONAL STANDARD BOOK NUMBER | |
| International Standard Book Number | 1403945071 : |
| Terms of availability | PND 50.00 |
| 039 #9 - LEVEL OF BIBLIOGRAPHIC CONTROL AND CODING DETAIL [OBSOLETE] | |
| -- | 201011252215 |
| -- | VLOAD |
| 040 ## - CATALOGING SOURCE | |
| Original cataloging agency | NLI |
| Language of cataloging | eng |
| Transcribing agency | Datasoft 1 |
| Description conventions | AACR2 |
| 041 0# - LANGUAGE CODE | |
| Language code of text/sound track or separate title | eng |
| 044 ## - COUNTRY OF PUBLISHING/PRODUCING ENTITY CODE | |
| MARC country code | enk |
| 082 04 - DEWEY DECIMAL CLASSIFICATION NUMBER | |
| Classification number | 338.064095 |
| 245 00 - TITLE STATEMENT | |
| Title | Mad technology : |
| Remainder of title | how East Asian companies are defending their technological advantages / |
| Statement of responsibility, etc. | Ingyu Oh ... [et al.] |
| 260 ## - PUBLICATION, DISTRIBUTION, ETC. | |
| Place of publication, distribution, etc. | Houndmills : |
| Name of publisher, distributor, etc. | Palgrave Macmillan, |
| Date of publication, distribution, etc. | c2005 |
| 300 ## - PHYSICAL DESCRIPTION | |
| Extent | xii, 209 p. : |
| Other physical details | ill. ; |
| Dimensions | 23 cm. |
| 504 ## - BIBLIOGRAPHY, ETC. NOTE | |
| Bibliography, etc. note | Includes bibliographical references and index |
| 650 #0 - SUBJECT ADDED ENTRY--TOPICAL TERM | |
| Topical term or geographic name entry element | Technological innovations |
| General subdivision | Economic aspects |
| Geographic subdivision | East Asia |
| 9 (RLIN) | 358833 |
| 650 #0 - SUBJECT ADDED ENTRY--TOPICAL TERM | |
| Topical term or geographic name entry element | Technological innovations |
| Geographic subdivision | East Asia |
| General subdivision | Management |
| 9 (RLIN) | 358834 |
| 650 #0 - SUBJECT ADDED ENTRY--TOPICAL TERM | |
| Topical term or geographic name entry element | Information technology |
| General subdivision | Moral and ethical aspects |
| Geographic subdivision | East Asia |
| 9 (RLIN) | 358835 |
| 650 #0 - SUBJECT ADDED ENTRY--TOPICAL TERM | |
| Topical term or geographic name entry element | Business intelligence |
| General subdivision | Moral and ethical aspects |
| Geographic subdivision | East Asia |
| 9 (RLIN) | 358836 |
| 700 1# - ADDED ENTRY--PERSONAL NAME | |
| Personal name | Oh, Ingyu, |
| Relationship | jt. aut |
| 9 (RLIN) | 358837 |
| 887 ## - NON-MARC INFORMATION FIELD | |
| Content of non-MARC field | |
| 901 ## - LOCAL DATA ELEMENT A, LDA (RLIN) | |
| a | 555192 |
| b | 25.01.2007 |
| 902 ## - LOCAL DATA ELEMENT B, LDB (RLIN) | |
| a | E 338.064095 M 267 |
| 942 ## - ADDED ENTRY ELEMENTS (KOHA) | |
| Source of classification or shelving scheme | Dewey Decimal Classification |
| Koha item type | Books |
| 949 ## - LOCAL PROCESSING INFORMATION (OCLC) | |
| -- | VIRTUAITEM |
| -- | 10000 |
| -- | 100 |
| 6 | PUR000555192ENG |
| Withdrawn status | Lost status | Damaged status | Not for loan | Collection code | Home library | Current library | Shelving location | Date acquired | Total Checkouts | Full call number | Barcode | Date last seen | Price effective from | Koha item type |
|---|---|---|---|---|---|---|---|---|---|---|---|---|---|---|
| New English | National Library of India | National Library of India | New English - Main Stack Division | E 338.064095 M 267 | PUR000555192ENG | 02/06/2021 | 02/06/2021 | Books |
